| 000 | 01063nam a22002535a 4500 | ||
|---|---|---|---|
| 003 | OSt | ||
| 005 | 20201124142041.0 | ||
| 008 | 170615s2011 ua grb 000 0 ara d | ||
| 017 | _a95 / 9003 | ||
| 020 | _a9772810042 | ||
| 040 |
_aEG-ScBUE _bara _cEG-ScBUE |
||
| 082 | 0 | 4 |
_222 _a001.42 _bب د ر |
| 100 | 1 | _aبدر، أحمد. | |
| 245 | 1 | 0 |
_aأصول البحث العلمي ومناهجه : _bما هي أساسيات المنهج العلمي في البحث ؟ - كيف تبحث عن المعلومات بالمكتبة ؟ - كيف تكتب الرسالة العلمية ؟ - كيق تختار منهج البحث ؟ - كيف تجمع وتحلل وتقدم نتائج البحث ؟ / _cأحمد بدر. |
| 250 | _aط. العربية 1. | ||
| 260 |
_aالجيزة، مصر : _bالمكتبة الأكاديمية، _c2011. |
||
| 300 |
_a529 ص. ؛ _c24 سم. |
||
| 504 | _aيشتمل على إرجاعات ببليوجرافية. | ||
| 590 | _aدعاء | ||
| 650 | 0 |
_2BUEsh _aالبحث. |
|
| 651 | _2BUEsh | ||
| 653 |
_bGGEN _cJune2017 |
||
| 942 | _2ddc | ||
| 999 |
_c24922 _d24894 |
||